LIBRARY & INFORMATION CENTRE, KCAET, TAVANUR

ONLINE PUBLIC ACCESS CATALOGUE (OPAC)

The Ministry of Utmost Happiness (Record no. 15674)

MARC details
000 -LEADER
fixed length control field 00370nam a22001457a 4500
003 - CONTROL NUMBER IDENTIFIER
control field OSt
008 - FIXED-LENGTH DATA ELEMENTS--GENERAL INFORMATION
fixed length control field 190527b ||||| |||| 00| 0 eng d
020 ## - INTERNATIONAL STANDARD BOOK NUMBER
ISBN 9780143442769
082 ## - DEWEY DECIMAL CLASSIFICATION NUMBER
Classification number 823.914
Item number ROY/TH
100 ## - MAIN ENTRY--AUTHOR NAME
Personal name Roy, Arundhati.
245 ## - TITLE STATEMENT
Title The Ministry of Utmost Happiness
260 ## - PUBLICATION, DISTRIBUTION, ETC. (IMPRINT)
Place of publication Haryana
Name of publisher Penguin Random House India
Year of publication 2017
300 ## - PHYSICAL DESCRIPTION
Number of Pages 445
942 ## - ADDED ENTRY ELEMENTS (KOHA)
Koha item type Books
Holdings
Withdrawn status Lost status Damaged status Home library Current library Date acquired Cost, normal purchase price Full call number Accession Number Koha item type
      KAUAET KAUAET 27/05/2019 450.00 823.914 ROY/TH 25928 Books
free website counter